|
|
|
|
| LEADER |
00960aam a22002778a 4500 |
| 001 |
00036053 |
| 005 |
20210310130323.0 |
| 008 |
170116s2014 ||||||Viesd |
| 020 |
# |
# |
|c 149000
|a 978 604 65 0137 4
|
| 041 |
0 |
# |
|a Vie
|
| 082 |
1 |
4 |
|a 332.67
|b TR254Đ
|
| 100 |
1 |
# |
|a Lynch, Peter
|
| 245 |
1 |
0 |
|a Từ vựng tiếng Anh theo chủ điểm
|c Peter Lynch; Trần Thanh Hương; Vân Huyền
|
| 246 |
0 |
1 |
|a The Element
|
| 260 |
# |
# |
|a Hà Nội
|b Lao động - Xã hội
|c 2014
|
| 300 |
# |
# |
|a 571tr.
|c 21cm.
|
| 653 |
# |
# |
|a Chiến lược
|
| 653 |
# |
# |
|a Đầu tư
|
| 653 |
# |
# |
|a thành công
|
| 653 |
# |
# |
|a Kinh doanh
|
| 700 |
1 |
# |
|a Trần Thanh Hương
|e Dịch
|
| 700 |
1 |
# |
|a Vân Huyền
|e Hiệu Đính
|
| 852 |
# |
# |
|j KD.0019478
|
| 852 |
# |
# |
|b Kho đọc
|j KD.0019478
|
| 910 |
# |
# |
|d 16/01/2017
|a dtchanh
|d 10/03/2021
|e ltkchi
|f 10/03/2021
|
| 980 |
# |
# |
|a Trung tâm Học liệu Lê Vũ Hùng, Trường Đại học Đồng Tháp
|